| 000 | 00927nam a22002177a 4500 | ||
|---|---|---|---|
| 999 |
_c7937 _d7937 |
||
| 003 | AR-CdUCM | ||
| 008 | 190321b ||||| |||| 00| 0 spa d | ||
| 040 |
_aMUNICIPALIDAD PROVINCIAL DEL CUSCO _cBIBLIOTECA MUNICIPAL DEL CUSCO |
||
| 082 |
_a780.98501 / _bM86 |
||
| 100 |
_aMoreno, Segundo Luis _922427 |
||
| 245 | _aLa música de los incas / | ||
| 260 |
_aQuito : _bCasa de la Cultura Ecuatoriana, _c1957. |
||
| 300 |
_a179 páginas ; _c21 cm. |
||
| 500 | _aRectificación de la obra intitulada "La musique des incas et ses survivances" por Raul y Margarita D´harcourt. | ||
| 505 | _aContenido: Sistemas musicales en el antiguo reino de Quito -- Análisis de los modos -- Música mestiza -- Los cantos religiosos -- Los cantos de amor -- Las canciones ... | ||
| 650 |
_aMúsica - Incas _922428 |
||
| 650 |
_aMúsica - Partituras _922429 |
||
| 650 |
_aMúsica - Historia _922430 |
||
| 942 |
_2ddc _cLIBROS |
||
| 945 | _alccs | ||